Statistics for Federations of the World

Click here to take the quiz!

General Stats

  • This quiz has been taken 44 times
  • The average score is 4 of 9

Answer Stats

Country% Correct
Russian Federation
85%
Federal Republic of Germany
71%
Federated States of Micronesia
68%
Federative Republic of Brazil
56%
Swiss Confederation
41%
Federal Democratic Republic of Ethiopia
34%
Federal Republic of Nigeria
32%
Federal Democratic Republic of Nepal
20%
Federal Republic of Somalia
20%

Score Distribution

Percentile by Number Answered

Percent of People with Each Score

Your Score History

You have not taken this quiz